| 000 | 00418nam a22001697a 4500 | ||
|---|---|---|---|
| 003 | CEME | ||
| 005 | 20210628201959.0 | ||
| 008 | 210416b xxu||||| |||| 00| 0 eng d | ||
| 020 | _a0-582-42429-1 | ||
| 040 | _c. | ||
| 082 | _a621.3 SMI'B | ||
| 100 |
_aSmith, I. M ,Hoside, K. T _957696 |
||
| 245 | _aBasic electrical engieering science | ||
| 260 |
_aLONDON _bLONGMAN _c1972 |
||
| 300 | _a459P | ||
| 942 |
_cBK _2ddc |
||
| 999 |
_c567970 _d567970 |
||